Mexiko-Quiz - Statistiken

Allgemein
  • Dieses Quiz wurde 3.219 mal gespielt
  • Das Durchschnittsergebnis liegt bei 14 aus 26
Antwortstatistiken
Frage Antwort % Korrekt
Nachbarländer USA
98%
Größte Metropolen Mexiko-Stadt
96%
Nachbarländer Guatemala
86%
Beliebteste Sportart Fußball
84%
Währung Peso
83%
Nachbarländer Belize
81%
Indigenes Volk bekannt für Pyramiden, Kalender und Schrift Maya
75%
Längster Fluss Rio {Grande}
72%
Nationaltier Steinadler
60%
Likör aus Agaven Tequila
60%
Halbinsel von Cancún Yucatán
55%
Von Cortés erobertes Volk Azteken
53%
Kleine Hunderasse; nach einem mexikanischen Staat benannt Chihuahua
52%
Halbinsel südlich von Kalifornien Baja California
50%
Größte Metropolen Guadalajara
45%
Großstadt direkt südlich von San Diego Tijuana
40%
Jahr, in welchem Mexiko Gastgeber der Olympischen Sommerspiele war 1968
36%
Feiertag, der vom 31. Okt. bis am 2. Nov. gefeiert wird Tag der Toten
35%
Stadt am Pazifik; bekannt für Klippenspringer Acapulco
31%
Größte Metropolen Monterrey
31%
Wichtigstes Exportgut Erdöl
30%
Drei meistverbreitete Nachnamen (Nennen Sie einen) Hernández | García | Martínez
29%
Volkmusikstil mit Trompeten und Gitarren Mariachi
27%
Mexikanischer Begriff für Profi-Wrestling {Lucha} Libre
17%
Reichster Mann Carlos Slim
14%
Chilisauce, die oft mit ungesüßter Schokolade vorbereitet wird Mole
12%
Keine übereinstimmenden Quizze gefunden
Verteilung der Resultate
Anzahl Personen mit jedem Resultat
Perzentil nach korrekt beantworteten Fragen
Ihre Resultats-Entwicklung
Sie haben dieses Quiz noch nicht gespielt